University Home | Library Home | Institutional Repository

Seed potato production in Zambia. (Record no. 62493)

MARC details
000 -LEADER
fixed length control field 00598cam1a220020500 4500
001 - CONTROL NUMBER
control field tmp15795559
003 - CONTROL NUMBER IDENTIFIER
control field UPRA
005 - DATE AND TIME OF LATEST TRANSACTION
control field 20190815101117.0
008 - FIXED-LENGTH DATA ELEMENTS--GENERAL INFORMATION
fixed length control field 951101s1977 za eng u
035 ## - SYSTEM CONTROL NUMBER
System control number (Sirsi) r76322
035 ## - SYSTEM CONTROL NUMBER
System control number (UPRA)tmp15795559
040 ## - CATALOGING SOURCE
Transcribing agency UPRA
100 1# - MAIN ENTRY--PERSONAL NAME
Personal name Maxwell, W. A.
Linkage A36393.1
245 10 - TITLE STATEMENT
Title Seed potato production in Zambia.
260 ## - PUBLICATION, DISTRIBUTION, ETC.
Place of publication, distribution, etc. Chilanga :
Name of publisher, distributor, etc. Mount Makulu Central Research Station,
Date of publication, distribution, etc. 1977.
650 #0 - SUBJECT ADDED ENTRY--TOPICAL TERM
Topical term or geographic name entry element Seed potatoes.
Linkage S28546.1
949 ## - LOCAL PROCESSING INFORMATION (OCLC)
a (O2) 1977/9
w lcc
m MAIN
t BOOK
l ON-SHELF
949 ## - LOCAL PROCESSING INFORMATION (OCLC)
a (O2) 1977/9
w lcc
m MAIN
t BOOK
l ON-SHELF

No items available.

© 2026 - The University of Zambia Library - Koha v25.11